000 03601nam a2200325 a 4500
003 OSt
005 20250423085453.0
007 cr ||||||a|c|a
008 250224s2024 mx a|||fom||| 001 0 spa d
040 _erda
100 1 _aGarcía López, Carlos Alberto
_9190151
245 1 _aAnálisis comparativo del estado de conservación del ecosistema bosque seco tropical en la Región de San Pedro Mixtepec Distrito 22, Oaxaca, México con relación a San José de Cúcuta, Colombia /
_cpor Carlos Alberto García López; director de tesis David García Cíntora; secretario Alberto Zorrilla Sánchez; vocal José Luis Navarro Sandoval; suplente Diana Hernández Ramírez; suplente Ana Laura Armenta Flores.
264 1 _aChapingo, México :
_bEl autor,
_c2024.
300 _a1 recurso en línea (66 páginas):
_bcuadros, figuras.
336 _2rdacontent
_atexto
_btxt
337 _2rdamedia
_acomputadora
_bc
338 _2rdacarrier
_arecurso en línea
_bcr
502 _bIF
_cDICIFO
_d2024.
_gLIC
504 _aIncluye referencias bibliográficas: páginas
520 _aEl cambio de uso de suelo y la pérdida de la cobertura vegetal son de los principales problemas que aquejan a la humanidad, y son la principal causa del cambio climático global que se relaciona directamente con la seguridad en la producción de alimentos, la urbanización, la biodiversidad. Por ello, se determinó la tasa de cambio de uso de suelo en el municipio de San Pedro Mixtepec, México, así como de San José de Cúcuta, Colombia, mediante el uso de imágenes de satélite de los años 2000, 2010 y 2021. Se obtuvo información mediante: revisión de literatura y a través de la metodología del Procesamiento Digital de Imágenes de Satélite propuesta por Galindo en 2014, en la cual se realizó un análisis, empleando el clasificador denominado MAXLIKE (máxima verosimilitud). Se identificaron tres categorías de cobertura del suelo: cobertura vegetal, infraestructura y áreas agrícolas. La validación se realizó con polígonos de referencia obtenidos del Conjunto de datos vectoriales del uso de suelo y vegetación del Portal del Instituto Nacional de Estadística y Geografía (INEGI, 1980) y el Cambio cobertura de bosque del periodo 1990-2000 del monitoreo y seguimiento de bosque, extraído del Geoportal del Instituto de Hidrología, Meteorología y Estudios Ambientales (IDEAM). Los datos obtenidos, reflejan el daño causado a los servicios ecosistémicos, particularmente a los de protección al ambiente, por su contribución a contrarrestar los efectos climáticos, por ende, ambos municipios al incurrir en la destrucción de sus hábitats naturales representan una amenaza a la biodiversidad global. Finalmente, tomando en consideración la superficie vegetal desde el año 1980 en comparación con el año 2021, se plantea la propuesta de una serie de Programas de Recuperación a corto, mediano y largo plazo, en San Pedro Mixtepec, con un objetivo de reforestación de 5,734 hectáreas.
650 4 _aCambio climático
_xEfecto en suelos
_9132129
650 4 _aProcesamiento automático de datos en suelos
_991812
700 1 _aGarcía Cíntora, David
_945867
_eDirector de tesis.
700 1 _aZorrilla Sánchez, Alberto
_9124207
_eSecretario.
700 1 _aNavarro Sandoval, José Luis
_980597
_eVocal.
700 1 _aHernández Ramírez, Diana
_9190158
_eSuplente.
700 1 _aArmenta Flores, Ana Laura
_9190160
_eSuplente.
856 _uhttp://10.13.5.2/tesis/tl/1610859-5_GARCIA_LOPEZ_CARLOSALBERTO.pdf
_zDESCARGAR PDF
942 _2Clasificación Universidad Autónoma Chapingo
_cTD
999 _c220480
_d220480